[Event "Russia - China (Women)"]
[Site "St Petersburg RUS"]
[Date "2012.07.04"]
[EventDate "2012.07.02"]
[Round "3"]
[Result "0-1"]
[White "Natalia Pogonina"]
[Black "Zhao Xue"]
[WhiteElo "2447"]
[BlackElo "2556"]
[PlyCount "114"]

1. e4 e5 2. Nf3 Nc6 3. Bb5 a6 4. Ba4 Nf6 5. O-O Be7 6. d3 b5
7. Bb3 d6 8. a4 Bd7 9. Bd2 b4 10. a5 O-O 11. Be3 Kh8 12. h3
Be8 13. Nbd2 h6 14. Nc4 Nh7 15. d4 f5 16. exf5 e4 17. Nh2 d5
18. Ne5 Rxf5 19. Qg4 Rf6 20. f4 Rb8 21. Qd1 Rf8 22. Nhg4 Qd6
23. Kh1 Nf6 24. Nxf6 Bxf6 25. g4 Bh4 26. Kg2 Rd8 27. Qd2 Qe7
28. Nxc6 Bxc6 29. Ba4 Bxa4 30. Rxa4 Rb8 31. Qe2 Qe6 32. Raa1
Bf6 33. f5 Qc6 34. h4 Bxh4 35. Rh1 Qf6 36. Bf4 Bg5 37. Be5 Qc6
38. Rh5 Kg8 39. Rah1 Rbe8 40. Rxg5 hxg5 41. Kg3 Rf6 42. Qd2 e3
43. Qxe3 Qxc2 44. Rh2 Qd1 45. Rd2 Qf1 46. Qf3 Qg1+ 47. Rg2
Qe1+ 48. Rf2 Rxe5 49. dxe5 Qxe5+ 50. Kg2 Rh6 51. Kg1 Rh4
52. Kf1 Kh7 53. f6 gxf6 54. Qxf6 Rh1+ 55. Kg2 Rh2+ 56. Kf1
Rxf2+ 57. Qxf2 Qf4 0-1

[Event "Russia - China (Women)"]
[Site "St Petersburg RUS"]
[Date "2012.07.05"]
[EventDate "2012.07.02"]
[Round "4"]
[Result "1-0"]
[White "Ju Wenjun"]
[Black "Natalia Pogonina"]
[WhiteElo "2518"]
[BlackElo "2447"]
[PlyCount "93"]

1. d4 Nf6 2. c4 c5 3. d5 b5 4. cxb5 a6 5. bxa6 g6 6. Nc3 Bxa6
7. e4 Bxf1 8. Kxf1 d6 9. g3 Bg7 10. Kg2 O-O 11. Nf3 Nbd7
12. h3 Qa5 13. Re1 Rfb8 14. e5 Nxe5 15. Nxe5 dxe5 16. Rxe5 Rb7
17. Qf3 Ne8 18. Re2 Nd6 19. Ne4 Nf5 20. Bd2 Qa7 21. Bc3 Nd4
22. Bxd4 Bxd4 23. d6 exd6 24. Nxd6 Rb6 25. Nc4 Rf6 26. Qd5 Rf5
27. Qe4 Rb8 28. a3 Qa6 29. Rc1 Qf6 30. f4 h5 31. Ne5 Bxe5
32. fxe5 Qe7 33. Qd5 h4 34. g4 Qg5 35. Qxc5 Re8 36. Rce1 Rf4
37. Qe3 f6 38. Rf2 Rxe5 39. Qxf4 Rxe1 40. Qxf6 Qd5+ 41. Qf3
Qxf3+ 42. Kxf3 Rh1 43. g5 Rxh3+ 44. Kg4 Rh1 45. Rf3 Kg7 46. b4
Rh2 47. Rb3 1-0

[Event "28th European Club Cup (Women)"]
[Site "Eilat ISR"]
[Date "2012.10.15"]
[EventDate "2012.10.11"]
[Round "5"]
[Result "0-1"]
[White "Olga Vasiliev"]
[Black "Natalia Pogonina"]
[WhiteElo "2240"]
[BlackElo "2476"]
[PlyCount "114"]

1. e4 e5 2. Nf3 Nc6 3. Bb5 a6 4. Ba4 Nf6 5. Qe2 b5 6. Bb3 Be7
7. c3 d5 8. d3 O-O 9. O-O Bb7 10. Rd1 Re8 11. Nbd2 Bf8 12. Nf1
Na5 13. Bc2 c5 14. Ng3 Qb6 15. h3 Rad8 16. b3 b4 17. c4 dxe4
18. dxe4 Rxd1+ 19. Qxd1 Nc6 20. Bg5 Nd4 21. Qd3 g6 22. Re1 Bg7
23. Bb1 Qc6 24. Nh2 a5 25. Nhf1 a4 26. Ne3 axb3 27. axb3 Ne6
28. Bxf6 Bxf6 29. Nd5 Bg5 30. Ne2 Kg7 31. Qg3 Qd6 32. h4 Bh6
33. Rd1 Rd8 34. Bc2 Nd4 35. Nxd4 exd4 36. Qxd6 Rxd6 37. g4
Bxd5 38. cxd5 Bf4 39. Kg2 Ra6 40. Bd3 Ra2 41. Kf3 Bd6 42. Re1
Be5 43. Rc1 Rb2 44. Bc4 d3 45. Bxd3 Rxb3 46. Ke2 Rb2+ 47. Rc2
c4 48. Rxb2 cxd3+ 49. Kxd3 Bxb2 50. Kc4 Bc3 51. f4 h5 52. gxh5
gxh5 53. e5 Kf8 54. e6 fxe6 55. dxe6 Ke7 56. f5 Be1 57. Kb3
Bxh4 0-1

[Event "28th European Club Cup (Women)"]
[Site "Eilat ISR"]
[Date "2012.10.17"]
[EventDate "2012.10.11"]
[Round "7"]
[Result "0-1"]
[White "Shlomit Vardi"]
[Black "Natalia Pogonina"]
[WhiteElo "2010"]
[BlackElo "2476"]
[PlyCount "94"]

1. e4 e5 2. Nf3 Nc6 3. Bc4 Bc5 4. c3 Nf6 5. d3 O-O 6. Nbd2 d5
7. Bb3 Bg4 8. h3 Bh5 9. Qe2 Re8 10. Bc2 Qd7 11. Nf1 h6 12. Ng3
Bg6 13. Nh4 Bh7 14. Qf3 Re6 15. Ngf5 Bf8 16. g4 Ne7 17. Rg1
Rd8 18. g5 hxg5 19. Rxg5 Nxf5 20. Nxf5 Bxf5 21. Rxf5 Be7
22. Be3 Qb5 23. Bc1 dxe4 24. dxe4 Red6 25. a4 Qc4 26. Rxe5 Re6
27. Rxe6 Qxe6 28. Be3 c5 29. Rd1 Re8 30. Qf5 Qc6 31. f3 g6
32. Qf4 Qe6 33. Qg3 Kg7 34. Kf1 Rh8 35. Kg2 b6 36. Rd2 Rh5
37. Bf4 c4 38. Rd1 Bc5 39. h4 a6 40. Bd6 Nd7 41. Bxc5 Nxc5
42. Rd6 Qe7 43. Rxb6 Rxh4 44. Rb4 Rh5 45. Kf2 Rg5 46. Qb8 Nd3+
47. Kf1 Qc5 0-1

[Event "Russian Team Championships (Women)"]
[Site "Loo RUS"]
[Date "2013.04.10"]
[EventDate "2013.04.07"]
[Round "3"]
[Result "1/2-1/2"]
[White "Elena Zaiatz"]
[Black "Natalia Pogonina"]
[WhiteElo "2430"]
[BlackElo "2473"]
[PlyCount "97"]

1. d4 Nf6 2. c4 e6 3. Nc3 Bb4 4. e3 O-O 5. Bd3 c5 6. Ne2 cxd4
7. exd4 d5 8. cxd5 Nxd5 9. O-O Nc6 10. Nxd5 exd5 11. Nf4 Ne7
12. Qf3 Bd6 13. Re1 b6 14. g3 Bxf4 15. Bxf4 Bf5 16. Rxe7 Bxd3
17. Rae1 Be4 18. Qa3 Rc8 19. f3 Bg6 20. Qxa7 Rc2 21. Qa4 f6
22. Qa7 Bf7 23. Bc7 Qc8 24. Qxb6 h5 25. Bf4 Qh3 26. R1e2 Rfc8
27. Qb3 Rxe2 28. Rxe2 g5 29. Bd2 Qf5 30. a4 g4 31. fxg4 Qxg4
32. Rf2 Qxd4 33. Bc3 Qe3 34. Qb7 Re8 35. Bd2 Qd3 36. Qb6 Re2
37. Qxf6 Rxf2 38. Qxf2 d4 39. Bb4 Qd1+ 40. Qe1 Qxa4 41. Qd2 d3
42. Bc3 Bg6 43. Qe3 Qd1+ 44. Kf2 Qc2+ 45. Qd2 Qb3 46. Qf4 Qc2+
47. Qd2 Qb3 48. Kf3 Qd5+ 49. Kf2 1/2-1/2

[Event "Chess Olympiad (Women)"]
[Site "Tromso NOR"]
[Date "2014.08.03"]
[EventDate "2014.08.02"]
[Round "2.3"]
[Result "1-0"]
[White "Natalia Pogonina"]
[Black "Suzana Chang"]
[WhiteElo "2479"]
[BlackElo "1991"]
[PlyCount "82"]

1. e4 e5 2. Nf3 Nc6 3. Bb5 a6 4. Ba4 Nf6 5. O-O Be7 6. Re1 b5
7. Bb3 O-O 8. a4 b4 9. a5 d5 10. exd5 Nxd5 11. d4 exd4
12. Nxd4 Nxd4 13. Qxd4 Bb7 14. Nd2 Bf6 15. Qc4 Re8 16. Rxe8+
Qxe8 17. Ne4 Qe5 18. Nxf6+ Qxf6 19. Bd2 Re8 20. Re1 Rxe1+
21. Bxe1 Qe7 22. Bd2 h6 23. h3 c5 24. Qd3 Qe5 25. c3 h5
26. Bc4 Qd6 27. Qf3 g6 28. Qe4 Kg7 29. cxb4 cxb4 30. Bb3 Qc6
31. Bg5 Nf6 32. Bxf6+ Kxf6 33. Qf4+ Ke7 34. Qxf7+ Kd8 35. Qf8+
Kc7 36. Qf4+ Qd6 37. Qxd6+ Kxd6 38. Bf7 Be4 39. Bc4 Bb7 40. f4
Bc8 41. Bd3 Bb7 1-0

[Event "European Club Cup (Women)"]
[Site "Skopje MKD"]
[Date "2015.10.22"]
[EventDate "2015.10.18"]
[Round "5.3"]
[Result "0-1"]
[White "Evgenija Ovod"]
[Black "Natalia Pogonina"]
[WhiteElo "2328"]
[BlackElo "2445"]
[PlyCount "72"]

1. Nf3 d5 2. d4 Nf6 3. c4 e6 4. e3 b6 5. Nc3 Bd6 6. Bd3 Bb7
7. O-O O-O 8. b3 Nbd7 9. Bb2 a6 10. Qe2 Ne4 11. Rfd1 Qe7
12. Rac1 f5 13. Nb1 f4 14. exf4 Rxf4 15. g3 Rf7 16. Bxe4 dxe4
17. Nfd2 Raf8 18. Rf1 e5 19. d5 Nc5 20. Nxe4 Nxe4 21. Qxe4 Bc8
22. Qe2 Bc5 23. Qxe5 Qxe5 24. Bxe5 Rxf2 25. Rxf2 Rxf2 26. b4
Rc2+ 27. bxc5 Rxc1+ 28. Kf2 Rxb1 29. c6 Rc1 30. Bxc7 Rxc4
31. Bxb6 Bf5 32. c7 Be4 33. d6 Bf5 34. Be3 Rc2+ 35. Kf3 Rxa2
36. Kf4 Bd7 0-1

[Event "European Club Cup (Women)"]
[Site "Skopje MKD"]
[Date "2015.10.23"]
[EventDate "2015.10.18"]
[Round "6.3"]
[Result "1/2-1/2"]
[White "Natalia Pogonina"]
[Black "Ana Srebrnic"]
[WhiteElo "2445"]
[BlackElo "2234"]
[PlyCount "91"]

1. d4 Nf6 2. c4 g6 3. Nc3 Bg7 4. e4 d6 5. Bd3 O-O 6. Nge2 e5
7. d5 Na6 8. O-O Nd7 9. a3 f5 10. exf5 gxf5 11. f3 Qh4 12. Be3
Nac5 13. Bf2 Qh6 14. Bc2 e4 15. f4 Nf6 16. h3 a5 17. Rb1 Rf7
18. b4 Ncd7 19. Nb5 axb4 20. axb4 Nf8 21. Bb3 Ng6 22. Be3 Nh4
23. Rf2 Qg6 24. Nbd4 Nh5 25. Kh2 Bf6 26. Qd2 Rg7 27. Rg1 Ng3
28. Nxg3 Qxg3+ 29. Kh1 Bxd4 30. Qxd4 Ra3 31. Rb2 Rg6 32. Bf2
Qxf4 33. Bxh4 Qxh4 34. c5 Qg3 35. cxd6 Rxb3 36. Rxb3 Qxb3
37. Qe5 cxd6 38. Qe8+ Kg7 39. Qe7+ Kh6 40. Qh4+ Kg7 41. Rc1
Bd7 42. Rc7 Qa4 43. Qe7+ Kh6 44. Qh4+ Kg7 45. Qe7+ Kh6
46. Qh4+ 1/2-1/2

[Event "Russian Superfinals (Women)"]
[Site "Novosibirsk RUS"]
[Date "2016.10.16"]
[EventDate "2016.10.15"]
[Round "1"]
[Result "1/2-1/2"]
[White "Natalia Pogonina"]
[Black "Aleksandra Goryachkina"]
[WhiteElo "2484"]
[BlackElo "2460"]
[PlyCount "80"]

1. d4 Nf6 2. c4 e6 3. g3 d5 4. Nf3 Bb4+ 5. Bd2 Be7 6. Bg2 O-O
7. O-O c6 8. Qc2 Nbd7 9. Bf4 b6 10. Rd1 Ba6 11. Ne5 Rc8
12. cxd5 Nxd5 13. Nc3 Nxf4 14. gxf4 Nxe5 15. dxe5 Qc7 16. Qa4
Bb7 17. Ne4 Rfd8 18. Nd6 Bxd6 19. exd6 Rxd6 20. Rxd6 Qxd6
21. Qxa7 Qc7 22. Qa4 c5 23. Bxb7 Qxb7 24. Rd1 b5 25. Qb3 Qc6
26. Qe3 h6 27. a3 Qc7 28. Qd2 c4 29. e3 Qc6 30. Qd7 Qxd7
31. Rxd7 c3 32. bxc3 Rxc3 33. Rb7 Rxa3 34. Rxb5 g6 35. Kg2 Kg7
36. Kg3 Kf6 37. Rc5 Ra2 38. Rb5 Kg7 39. Rc5 Kf6 40. Rb5 Kg7
1/2-1/2

[Event "Russian Superfinals (Women)"]
[Site "Novosibirsk RUS"]
[Date "2016.10.17"]
[EventDate "2016.10.15"]
[Round "2"]
[Result "1/2-1/2"]
[White "Evgenija Ovod"]
[Black "Natalia Pogonina"]
[WhiteElo "2362"]
[BlackElo "2484"]
[PlyCount "99"]

1. c4 e6 2. Nc3 d5 3. d4 Nf6 4. cxd5 exd5 5. Bg5 c6 6. Qc2 Be7
7. e3 Nbd7 8. Bd3 h6 9. Bh4 Nh5 10. Bxe7 Qxe7 11. Nge2 Nb6
12. O-O O-O 13. Rab1 a5 14. Na4 Nxa4 15. Qxa4 Bg4 16. Nc3 Qg5
17. Kh1 Nf6 18. Qc2 Qh5 19. f3 Bd7 20. Qf2 Ne8 21. e4 dxe4
22. fxe4 Nf6 23. Qg3 Qg5 24. Qxg5 hxg5 25. e5 Nd5 26. Nxd5
cxd5 27. Rbc1 Rac8 28. Kg1 Rxc1 29. Rxc1 Rc8 30. Rxc8+ Bxc8
31. Kf2 Kf8 32. Ke3 Ke7 33. g3 Be6 34. a3 Kd7 35. h4 gxh4
36. gxh4 Ke7 37. Kf4 Bd7 38. Kg5 Bh3 39. Be2 Bg2 40. Bg4 Be4
41. Bc8 b6 42. Bh3 Bd3 43. Bg2 Bc4 44. Bf3 Bb3 45. Kf5 Bc2+
46. Kf4 Bb3 47. Kg5 Bc4 48. Bg4 Bd3 49. Bh3 Bc2 50. Bg4
1/2-1/2

[Event "Russian Superfinals (Women)"]
[Site "Novosibirsk RUS"]
[Date "2016.10.18"]
[EventDate "2016.10.15"]
[Round "3"]
[Result "1-0"]
[White "Natalia Pogonina"]
[Black "Anastasia Bodnaruk"]
[WhiteElo "2484"]
[BlackElo "2463"]
[PlyCount "89"]

1. d4 Nf6 2. Nf3 g6 3. Nbd2 Bg7 4. e4 d6 5. Bd3 O-O 6. O-O Nc6
7. Re1 e5 8. dxe5 Nxe5 9. Nxe5 dxe5 10. Nc4 Qe7 11. a4 Nh5
12. g3 Be6 13. b3 Rfd8 14. Qe2 Bh3 15. Bb2 c6 16. a5 Rd7
17. Qe3 Re8 18. Be2 Red8 19. Rad1 a6 20. Rxd7 Rxd7 21. Rd1 f6
22. Rd3 Be6 23. Ba3 Qd8 24. Qb6 Rxd3 25. Bxd3 Qd7 26. Qa7 h6
27. Qb8+ Qc8 28. Qxc8+ Bxc8 29. Bc5 f5 30. exf5 gxf5 31. b4 e4
32. Be2 Nf6 33. Nd6 Bd7 34. Nxb7 Nd5 35. Nd6 Nc7 36. Bb6 Nb5
37. Nxb5 cxb5 38. c4 Bf8 39. cxb5 Bxb4 40. bxa6 Bc6 41. Bc4+
Kg7 42. Be6 Kf6 43. Bc8 Ke5 44. a7 Kd6 45. a6 1-0

[Event "Russian Superfinals (Women)"]
[Site "Novosibirsk RUS"]
[Date "2016.10.19"]
[EventDate "2016.10.15"]
[Round "4"]
[Result "1/2-1/2"]
[White "Daria Voit"]
[Black "Natalia Pogonina"]
[WhiteElo "2386"]
[BlackElo "2484"]
[PlyCount "62"]

1. d4 Nf6 2. Nf3 d5 3. c4 e6 4. g3 Bb4+ 5. Bd2 Be7 6. Bg2 O-O
7. O-O Nbd7 8. Qc2 c6 9. a4 Ne4 10. a5 f5 11. Rc1 a6 12. Be1
Bd6 13. e3 Qf6 14. b4 dxc4 15. Na3 c3 16. Bxc3 Nxc3 17. Qxc3
Qe7 18. Rab1 Nf6 19. Ne5 Nd5 20. Bxd5 exd5 21. f4 Be6 22. Nc2
Bf7 23. h4 Bh5 24. Kf2 Kh8 25. Ne1 Rac8 26. N1d3 Rc7 27. Nc5
Qe8 28. Ncd3 Qe7 29. Nc5 Qe8 30. Ncd3 Qe7 31. Nc5 Qe8 1/2-1/2

[Event "Russian Superfinals (Women)"]
[Site "Novosibirsk RUS"]
[Date "2016.10.21"]
[EventDate "2016.10.15"]
[Round "6"]
[Result "1-0"]
[White "Natalia Pogonina"]
[Black "Alisa Galliamova"]
[WhiteElo "2484"]
[BlackElo "2450"]
[PlyCount "183"]

1. d4 d5 2. c4 c6 3. e3 Nf6 4. Nc3 e6 5. Nf3 Nbd7 6. Qc2 b6
7. cxd5 cxd5 8. Nb5 Bb4+ 9. Bd2 Bxd2+ 10. Nxd2 O-O 11. Rc1 Ba6
12. Qa4 Bxb5 13. Bxb5 a6 14. Bd3 b5 15. Qb4 Qb6 16. Nb3 Ne4
17. Bxe4 dxe4 18. O-O f5 19. Rc2 a5 20. Qc3 a4 21. Nd2 Nf6
22. Qc5 Qb8 23. Qc6 Qe8 24. Rfc1 Nd5 25. Qxe8 Rfxe8 26. a3
Reb8 27. Kf1 b4 28. Ke2 Kf7 29. f3 exf3+ 30. gxf3 Ra7 31. Kd3
bxa3 32. bxa3 Rab7 33. Rc4 Rb3+ 34. Nxb3 Rxb3+ 35. Kd2 Rxe3
36. Rxa4 Rxf3 37. Ra7+ Kf6 38. Re1 Rh3 39. Re2 Nf4 40. Rf2
Rd3+ 41. Kc2 Rxd4 42. a4 Nd5 43. a5 Rb4 44. Rf3 h5 45. Ra3 Rh4
46. h3 Nb4+ 47. Kd2 Nc6 48. Ra6 Ne5 49. Ke1 Re4+ 50. Kf2 Rf4+
51. Kg1 Rc4 52. Ra2 Nc6 53. Rb6 Nxa5 54. Rxa5 Rc1+ 55. Kf2
Rc2+ 56. Ke1 Rc4 57. Ra2 Rc8 58. Re2 Re8 59. h4 g6 60. Kf2 Re7
61. Kf3 Re8 62. Kf4 Re7 63. Re3 Re8 64. Re5 Re7 65. Rb8 Rc7
66. Rf8+ Ke7 67. Ra8 Kf6 68. Re2 Rc4+ 69. Kf3 Rc6 70. Ra5 Rb6
71. Re3 Rc6 72. Rea3 Rc4 73. R5a4 Rc1 74. Ra6 Rc8 75. Re3 Re8
76. Rb3 g5 77. hxg5+ Kxg5 78. Rbb6 Kf6 79. Kf4 Re7 80. Rb8 Rc7
81. Rf8+ Ke7 82. Rh8 Rc4+ 83. Kg5 Rg4+ 84. Kxh5 Re4 85. Rh7+
Kf6 86. Rh6+ Ke7 87. Rb6 Re2 88. Kg5 Rg2+ 89. Kf4 Re2 90. Kf3
Re1 91. Rh2 Rf1+ 92. Ke2 1-0

[Event "Russian Superfinals (Women)"]
[Site "Novosibirsk RUS"]
[Date "2016.10.24"]
[EventDate "2016.10.15"]
[Round "8"]
[Result "0-1"]
[White "Natalia Pogonina"]
[Black "Daria Charochkina"]
[WhiteElo "2484"]
[BlackElo "2366"]
[PlyCount "62"]

1. d4 Nf6 2. c4 e6 3. g3 c5 4. d5 exd5 5. cxd5 b5 6. Bg2 Bb7
7. e4 d6 8. Ne2 g6 9. a4 b4 10. Nd2 Bg7 11. Nc4 Ba6 12. Qc2
O-O 13. O-O Re8 14. Re1 Ng4 15. h3 Ne5 16. Nxe5 Bxe5 17. Bf4
Bg7 18. Rad1 Nd7 19. b3 Ne5 20. Bc1 c4 21. bxc4 Nxc4 22. Qb3
Qb6 23. Bf4 Rac8 24. e5 Nxe5 25. Nd4 Nd3 26. Rxe8+ Rxe8
27. Nf3 Qxf2+ 28. Kh1 Re2 29. Rg1 Rb2 30. Qd1 Nxf4 31. gxf4
Be2 0-1

[Event "Russian Superfinals (Women)"]
[Site "Novosibirsk RUS"]
[Date "2016.10.26"]
[EventDate "2016.10.15"]
[Round "10"]
[Result "1-0"]
[White "Natalia Pogonina"]
[Black "Alina Kashlinskaya"]
[WhiteElo "2484"]
[BlackElo "2462"]
[PlyCount "69"]

1. d4 d5 2. c4 e6 3. Nf3 c6 4. e3 Bd6 5. Nbd2 f5 6. Bd3 Nf6
7. O-O O-O 8. c5 Bc7 9. b4 Nbd7 10. Bb2 b6 11. Qc2 bxc5
12. bxc5 Ne4 13. Be2 Qf6 14. Ne1 Rb8 15. Rb1 Qh6 16. f4 g5
17. g3 Ndf6 18. Nxe4 dxe4 19. Ng2 Nd5 20. Qd2 Bd7 21. Bc3 Rxb1
22. Rxb1 gxf4 23. exf4 Rf6 24. Ba5 e3 25. Qe1 Bxf4 26. Nxf4
Nxf4 27. gxf4 Rg6+ 28. Kh1 Qxf4 29. Qf1 Qe4+ 30. Bf3 e2
31. Rb8+ Kf7 32. Qxe2 Qxd4 33. Qd1 Qxd1+ 34. Bxd1 e5 35. Bh5
1-0

[Event "Russian Superfinals (Women)"]
[Site "Novosibirsk RUS"]
[Date "2016.10.27"]
[EventDate "2016.10.15"]
[Round "11"]
[Result "1/2-1/2"]
[White "Olga Girya"]
[Black "Natalia Pogonina"]
[WhiteElo "2446"]
[BlackElo "2484"]
[PlyCount "120"]

1. d4 Nf6 2. c4 e6 3. Nf3 d5 4. Nc3 Be7 5. Bg5 h6 6. Bxf6 Bxf6
7. e3 O-O 8. Rc1 c6 9. Bd3 Nd7 10. O-O dxc4 11. Bxc4 e5 12. d5
Nb6 13. b3 cxd5 14. Bxd5 Nxd5 15. Nxd5 Be6 16. Nc7 Rc8
17. Nxe6 fxe6 18. Rxc8 Qxc8 19. Qb1 Rd8 20. Rc1 Qd7 21. h3 Rc8
22. Rxc8+ Qxc8 23. Nd2 Qc6 24. Ne4 Be7 25. Qd3 b5 26. Kh2 a6
27. Kg3 Kf7 28. Kf3 h5 29. Qc3 Qd5 30. Qc2 a5 31. Ke2 Qa8
32. g4 hxg4 33. hxg4 a4 34. bxa4 bxa4 35. Nd2 a3 36. Qc7 Qg2
37. Nf3 Qxg4 38. Qxe5 Qc4+ 39. Kd1 Qd3+ 40. Nd2 Bf6 41. Qc7+
Be7 42. Qc4 Qf5 43. Ke2 Qe5 44. f4 Qh5+ 45. Kd3 Qf5+ 46. Ke2
Qg4+ 47. Kd3 Qf5+ 48. Ne4 g5 49. fxg5 Bxg5 50. Kd2 Be7 51. Nc3
Qa5 52. Kd3 Qf5+ 53. Kd2 Qa5 54. Kc2 Qb6 55. Qf4+ Bf6 56. Kd3
Qb2 57. Qc7+ Kg6 58. Qg3+ Kf7 59. Qc7+ Kg6 60. Qg3+ Kf7
1/2-1/2

[Event "European Club Cup (Women)"]
[Site "Novi Sad SRB"]
[Date "2016.11.11"]
[EventDate "2016.11.06"]
[Round "6.3"]
[Result "1-0"]
[White "Natalia Pogonina"]
[Black "Anastasia Savina"]
[WhiteElo "2492"]
[BlackElo "2363"]
[PlyCount "128"]

1. d4 d5 2. c4 Nc6 3. Nf3 Bg4 4. Nc3 e6 5. e3 Nf6 6. h3 Bxf3
7. Qxf3 Bb4 8. cxd5 Qxd5 9. Qxd5 exd5 10. Bd2 Bxc3 11. Bxc3
Ne4 12. Rc1 Nxc3 13. Rxc3 O-O-O 14. Bd3 Ne7 15. b4 a6 16. Ke2
h5 17. h4 Rh6 18. Rh3 Rf6 19. Rg3 g6 20. Rc5 c6 21. a4 Kc7
22. Rg5 Re6 23. Rc1 Kd6 24. Rg3 Rf6 25. Rh3 Re8 26. Rf3 Rxf3
27. Kxf3 Nc8 28. Kf4 Nb6 29. a5 Nd7 30. f3 Nf8 31. e4 dxe4
32. fxe4 Ne6+ 33. Ke3 f5 34. Rf1 f4+ 35. Kd2 Rg8 36. Kc3 g5
37. hxg5 Rxg5 38. Rh1 Rxg2 39. Rxh5 Ng5 40. Rh6+ Ke7 41. d5
cxd5 42. exd5 Nf7 43. Re6+ Kd8 44. Rf6 Ne5 45. Be4 Rg3+
46. Kd4 Nf3+ 47. Bxf3 Rxf3 48. Ke5 Ke7 49. Rb6 Rd3 50. Rxb7+
Kd8 51. Rb6 f3 52. Rxa6 Rb3 53. Rf6 Ke7 54. d6+ Kd7 55. Rf7+
Ke8 56. Rf4 Kd7 57. Kd5 Rd3+ 58. Kc4 Ra3 59. Rf6 Re3 60. b5
Re4+ 61. Kc5 Re5+ 62. Kb6 Re6 63. Rxf3 Kxd6 64. Rc3 Kd5+ 1-0

[Event "Women's World Championship"]
[Site "Tehran IRI"]
[Date "2017.02.16"]
[EventDate "2017.02.11"]
[Round "2.5"]
[Result "1/2-1/2"]
[White "Natalia Pogonina"]
[Black "Huang Qian"]
[WhiteElo "2487"]
[BlackElo "2451"]
[PlyCount "104"]

1. d4 d6 2. e4 e5 3. Nf3 exd4 4. Nxd4 Nf6 5. Nc3 Be7 6. Be2
O-O 7. O-O Nc6 8. Nxc6 bxc6 9. b3 Re8 10. Bb2 Bf8 11. f3 d5
12. Bd3 Qd6 13. Kh1 Nh5 14. Ne2 Qh6 15. Qc1 Qxc1 16. Raxc1 Bd6
17. Rcd1 Bb7 18. g3 Re7 19. Kg2 Ree8 20. Rfe1 a5 21. a3 Rab8
22. Bc3 Bxa3 23. Bxa5 Bd6 24. Bc3 Ra8 25. Ra1 c5 26. Rxa8 Bxa8
27. e5 Bxe5 28. Nf4 d4 29. Nxh5 dxc3 30. Bb5 c6 31. Bc4 Kf8
32. Ra1 Bb7 33. Ra7 Re7 34. g4 Bc8 35. Ra8 Re8 36. Ng3 Bxg3
37. Kxg3 Bd7 38. Rxe8+ Kxe8 39. Kf4 Ke7 40. h4 h6 41. Ke4 g5
42. hxg5 hxg5 43. f4 gxf4 44. Kxf4 f6 45. g5 fxg5+ 46. Kxg5
Kd6 47. Kf4 Be8 48. Ke3 Bg6 49. Bd3 Bf7 50. Be2 Bg6 51. Bd3
Bf7 52. Be2 Bg6 1/2-1/2

[Event "ch-EUR Women Rapid"]
[Site "Monaco MNC"]
[Date "2017.10.21"]
[EventDate "2017.10.21"]
[Round "1.10"]
[Result "0-1"]
[White "Linn Olsson"]
[Black "Natalia Pogonina"]
[WhiteElo "1735"]
[BlackElo "2466"]
[PlyCount "86"]

1. e4 e5 2. Nf3 Nc6 3. Bb5 a6 4. Bxc6 dxc6 5. h3 c5 6. O-O Bd6
7. c3 Ne7 8. d4 cxd4 9. cxd4 exd4 10. Qxd4 O-O 11. Nc3 Nc6
12. Qd1 h6 13. Be3 Be6 14. a3 Qf6 15. Re1 Rad8 16. Qe2 Ne5
17. Nxe5 Bxe5 18. Rac1 Bb3 19. Rf1 Qe6 20. f4 Bc4 21. Qf2 Bxc3
22. Rxc3 Bxf1 23. Qxf1 Qxe4 24. Bc1 Rd7 25. Rc4 Qf5 26. Qf3 c6
27. Kh2 Rfd8 28. Qe3 Rd3 29. Qe7 Qg6 30. Qe1 R8d4 31. Rxd4
Rxd4 32. Be3 Re4 33. Qf2 Qe6 34. Bc5 Re2 35. Qd4 Qg6 36. Qg1
Rxb2 37. Bd4 Rc2 38. Qf1 Qe4 39. Bb6 c5 40. Bc7 c4 41. Be5 Qd3
42. Qg1 Re2 43. Bc7 c3 0-1

[Event "ch-EUR Women Rapid"]
[Site "Monaco MNC"]
[Date "2017.10.21"]
[EventDate "2017.10.21"]
[Round "2.10"]
[Result "1-0"]
[White "Natalia Pogonina"]
[Black "Anna Gvanceladze"]
[WhiteElo "2466"]
[BlackElo "2296"]
[PlyCount "63"]

1. d4 d5 2. c4 c6 3. e3 Nf6 4. Nc3 g6 5. Nf3 Bg7 6. Be2 O-O
7. O-O b6 8. a4 Bb7 9. a5 dxc4 10. Bxc4 b5 11. Bd3 a6 12. b4
Nbd7 13. Bb2 Re8 14. Ne2 e5 15. Nxe5 Nxe5 16. dxe5 Nd5 17. Qb3
Nxb4 18. Bxg6 hxg6 19. Qxb4 Bxe5 20. Rad1 Qc7 21. Bxe5 Rxe5
22. Qf4 c5 23. Ng3 Rae8 24. h4 Qc6 25. e4 Qe6 26. f3 c4 27. h5
b4 28. Rd4 Rxa5 29. hxg6 Qxg6 30. Nf5 Ra2 31. Qh2 Bc8 32. Ne7+
1-0

[Event "ch-EUR Women Rapid"]
[Site "Monaco MNC"]
[Date "2017.10.21"]
[EventDate "2017.10.21"]
[Round "3.9"]
[Result "0-1"]
[White "Tatiana Dornbusch"]
[Black "Natalia Pogonina"]
[WhiteElo "2302"]
[BlackElo "2466"]
[PlyCount "118"]

1. d4 Nf6 2. Nf3 d5 3. c4 e6 4. Nc3 Nbd7 5. Bg5 h6 6. Bh4 Be7
7. e3 Ne4 8. Bxe7 Qxe7 9. cxd5 Nxc3 10. bxc3 exd5 11. Bd3 O-O
12. O-O c5 13. c4 dxc4 14. Bxc4 Nb6 15. Be2 Bg4 16. h3 Bh5
17. dxc5 Qxc5 18. Rc1 Qa3 19. Qb3 Qxb3 20. axb3 Rac8 21. Rfd1
Rxc1 22. Rxc1 Rc8 23. Rxc8+ Nxc8 24. g4 Bg6 25. Ne5 Be4
26. Bf3 Bxf3 27. Nxf3 Nd6 28. Nd4 a5 29. Kf1 b5 30. Ke2 a4
31. bxa4 bxa4 32. Kd3 Kf8 33. Nc2 Ke7 34. f3 Kf6 35. h4 Ke5
36. Kc3 f5 37. g5 f4 38. gxh6 gxh6 39. Kb4 Nf5 40. exf4+ Kxf4
41. Kxa4 Nxh4 42. Nd4 Nxf3 43. Ne6+ Kg4 44. Ng7 Nd4 45. Kb4
Nf5 46. Ne8 Kf4 47. Nf6 Ng3 48. Kc4 Kf5 49. Nd5 h5 50. Ne3+
Ke4 51. Ng2 Nf5 52. Kc3 Kf3 53. Ne1+ Kg3 54. Kd2 h4 55. Ke2 h3
56. Nd3 h2 57. Nf2 Kg2 58. Ke1 Ng3 59. Nh1 Nxh1 0-1

[Event "ch-EUR Women Rapid"]
[Site "Monaco MNC"]
[Date "2017.10.21"]
[EventDate "2017.10.21"]
[Round "4.1"]
[Result "0-1"]
[White "Natalia Pogonina"]
[Black "Valentina Gunina"]
[WhiteElo "2466"]
[BlackElo "2502"]
[PlyCount "114"]

1. d4 Nf6 2. c4 e6 3. Nf3 d5 4. g3 Bb4+ 5. Bd2 Be7 6. Bg2 O-O
7. O-O Nbd7 8. Qc2 c6 9. Bf4 b6 10. cxd5 cxd5 11. Rc1 Ba6
12. Nc3 Nh5 13. Qa4 Bb7 14. Bc7 Qe8 15. Nb5 Ndf6 16. Qb3 Ne4
17. Ne5 Nhf6 18. f3 Nd2 19. Qd3 Nc4 20. Nxc4 Qxb5 21. Ne5 Qxd3
22. Nxd3 Rfc8 23. Rc3 Ne8 24. Rac1 Ba6 25. Bf4 Rc4 26. Be3
Rac8 27. Rxc4 dxc4 28. Nf4 Nd6 29. Bf2 g5 30. Nh5 c3 31. bxc3
Bxe2 32. Be1 Nb5 33. Kf2 Bd3 34. Bd2 Bg6 35. g4 Ba3 36. Re1 h6
37. Nf6+ Kg7 38. Ne4 Bxe4 39. fxe4 Bb2 40. Rb1 Nxc3 41. Bxc3
Bxc3 42. Ke3 Ba5 43. Rb2 Rc3+ 44. Ke2 Rc1 45. Kd3 Rd1+ 46. Kc4
a6 47. d5 Kf6 48. Rf2+ Ke5 49. a4 f6 50. Kb3 Rd3+ 51. Ka2 Bb4
52. Rc2 Bc5 53. Kb2 a5 54. h3 Rd4 55. Kb3 Rb4+ 56. Ka3 Rxe4+
57. Rxc5 Re3+ 0-1

[Event "ch-EUR Women Rapid"]
[Site "Monaco MNC"]
[Date "2017.10.21"]
[EventDate "2017.10.21"]
[Round "5.7"]
[Result "0-1"]
[White "Karina Szczepkowska-Horowska"]
[Black "Natalia Pogonina"]
[WhiteElo "2406"]
[BlackElo "2466"]
[PlyCount "106"]

1. d4 Nf6 2. c4 e6 3. Nf3 d5 4. Nc3 Nbd7 5. e3 a6 6. Bd3 b6
7. O-O Bb7 8. cxd5 exd5 9. Qc2 Be7 10. e4 dxe4 11. Nxe4 Nxe4
12. Bxe4 Bxe4 13. Qxe4 O-O 14. Ne5 Nf6 15. Qf3 Qd5 16. Qxd5
Nxd5 17. Be3 f6 18. Nc4 Rfe8 19. a3 Bf8 20. Rfe1 Re6 21. Rac1
Rae8 22. Bd2 Rxe1+ 23. Rxe1 Rxe1+ 24. Bxe1 Kf7 25. Kf1 Ke6
26. Ke2 b5 27. Ne3 Bd6 28. g3 Nxe3 29. Kxe3 Kd5 30. Kd3 f5
31. Bd2 c6 32. b4 Bc7 33. Bc3 Bb6 34. f3 g6 35. f4 h6 36. h4
Bc7 37. Be1 Bd6 38. Bf2 Be7 39. Bg1 g5 40. hxg5 hxg5 41. Be3
gxf4 42. Bxf4 Bf6 43. Be3 Bd8 44. Bd2 Bc7 45. Be1 Bb8 46. Bf2
Ba7 47. Be3 Bb6 48. Bf2 a5 49. Be3 axb4 50. axb4 Ba7 51. Bg1
Bb8 52. Bf2 Bc7 53. Be1 Bd6 0-1